000 00443nam a2200145Ia 4500
003 OSt
005 20260129142641.0
008 211028s2018 xx 000 0 und d
040 _cAIMIT LIBRARY
041 _aeng
100 _aNishanth B J; Fr Balaraju.
_g1616127
_97882
245 _aStudy of the impact of inventory management on performance at electrical point Mangalore /
260 _aMangalore
_bJustine James.
_c2018
942 _2ddc
_cPRO
999 _c219450
_d219450